[Event "Tournoi Skype 031A"]
[Site "Skype"]
[Date "????.??.??"]
[Round "3.25"]
[White "Morales Terreros, Jose Luis"]
[Black "Zenini, Simone"]
[Result "1-0"]
[WhiteElo "1231"]
[BlackElo "1392"]
[PlyCount "53"]

1. e4 e5 2. Nf3 Nc6 3. d4 exd4 4. Bc4 Nf6 5. e5 d5 6. exd6 Bxd6 7. O-O O-O 8.
c3 dxc3 9. Nxc3 Ne5 10. Nxe5 Bxe5 11. Qxd8 Rxd8 12. Bg5 Re8 13. f4 Bd4+ 14. Kh1
Ng4 15. Bh4 Bd7 16. Nd5 Rac8 17. Ne7+ Kh8 18. Nxc8 Bxc8 19. Bxf7 Rf8 20. Bb3
Bxb2 21. Rae1 Ba3 22. Be7 Bxe7 23. Rxe7 c6 24. Rfe1 Nf6 25. Re8 Ng4 26. h4 Bd7
27. Bf7 1-0

[Event "Tournoi Skype 031A"]
[Site "Skype"]
[Date "????.??.??"]
[Round "3.26"]
[White "Vasquez Cienfuegos, Oscar"]
[Black "Bendre, Pankaj"]
[Result "1-0"]
[WhiteElo "1389"]
[BlackElo "1182"]
[PlyCount "51"]

1. Nf3 d5 2. d4 b6 3. g3 Bb7 4. Bg2 e6 5. O-O Nf6 6. Bf4 Nbd7 7. Nc3 c5 8. Nb5
e5 9. Nxe5 Be7 10. c4 O-O 11. e3 Nxe5 12. Bxe5 Qd7 13. dxc5 Qc6 14. Qf3 Ne4 15.
Rfd1 bxc5 16. Rac1 dxc4 17. Nd6 Bxd6 18. Bxd6 Rfe8 19. Qf4 Re6 20. Rxc4 Rxd6
21. Rxd6 Qxd6 22. Bxe4 Qd1+ 23. Kg2 Bxe4+ 24. Qxe4 Rd8 25. Rxc5 Qh5 26. Rxh5
1-0

[Event "Tournoi Skype 031A"]
[Site "Skype"]
[Date "????.??.??"]
[Round "3.27"]
[White "Lucena Vaz, Jose"]
[Black "Graham, Neil"]
[Result "0-1"]
[WhiteElo "1674"]
[BlackElo "1285"]
[PlyCount "50"]

1. c4 e5 2. Nc3 Nf6 3. Nf3 Nc6 4. g3 Bc5 5. Bg2 O-O 6. O-O d6 7. a3 a6 8. d3
Be6 9. Re1 h6 10. Nd2 Ng4 11. Nde4 Ba7 12. b4 f5 13. h3 fxe4 14. hxg4 Bxf2+ 15.
Kh2 Bxe1 16. Qxe1 Bxg4 17. Nxe4 Nd4 18. Ra2 c6 19. Be3 Nf5 20. Bd2 Qe8 21. Nf2
Qh5+ 22. Bh3 Bxh3 23. Nxh3 g5 24. Kg2 Qg4 25. e4 Nh4+ 0-1

[Event "Tournoi Skype 031A"]
[Site "Skype"]
[Date "????.??.??"]
[Round "3.28"]
[White "Marino, Giuseppe"]
[Black "Grib, Johannes"]
[Result "1/2-1/2"]
[WhiteElo "1335"]
[BlackElo "1407"]
[PlyCount "58"]

1. e4 e6 2. Nf3 d5 3. exd5 exd5 4. d4 Nc6 5. c3 Nf6 6. Bd3 Be7 7. h3 a6 8. Bf4
Ne4 9. Nbd2 Bf5 10. O-O g5 11. Bh2 g4 12. hxg4 Bxg4 13. Nxe4 dxe4 14. Bxe4 Bg5
15. Re1 Ne7 16. Bxb7 Rb8 17. Bc6+ Kf8 18. Be4 Rxb2 19. Re2 Rb6 20. Rb1 Nd5 21.
Rxb6 cxb6 22. Bxd5 Qxd5 23. Qe1 Bxf3 24. Re8+ Kg7 25. Be5+ f6 26. Bxf6+ Bxf6
27. Rxh8 Kxh8 28. gxf3 Qxa2 29. Qe8+ Qg8+ 1/2-1/2

[Event "Tournoi Skype 031A"]
[Site "Skype"]
[Date "????.??.??"]
[Round "3.29"]
[White "Escudero Ocana, Francisco"]
[Black "Trivedi, Viral"]
[Result "1/2-1/2"]
[WhiteElo "1393"]
[BlackElo "1202"]
[PlyCount "30"]

1. e4 e6 2. d4 d5 3. e5 c5 4. c3 Nc6 5. Be3 Qb6 6. Qc2 Bd7 7. Bd3 cxd4 8. cxd4
Nb4 9. Qb3 Nxd3+ 10. Qxd3 Bb4+ 11. Nc3 Rc8 12. Nge2 Nh6 13. Bxh6 gxh6 14. O-O
Qa5 15. Rfd1 h5 1/2-1/2

[Event "Tournoi Skype 031A"]
[Site "Skype"]
[Date "????.??.??"]
[Round "3.30"]
[White "Munoz Gonzalez, Martin"]
[Black "Gharbi, Said"]
[Result "1-0"]
[WhiteElo "1365"]
[BlackElo "1252"]
[PlyCount "117"]

1. Nf3 b6 2. g3 Bb7 3. Bg2 c5 4. b3 d5 5. Bb2 e6 6. O-O Nf6 7. d3 Be7 8. Nbd2
O-O 9. Ne5 Nbd7 10. c4 Bd6 11. Nxd7 Nxd7 12. cxd5 exd5 13. d4 Re8 14. dxc5 bxc5
15. Nc4 Be5 16. Nxe5 Nxe5 17. e3 Rc8 18. Rc1 Rc7 19. Re1 Rd7 20. f4 Nc6 21.
Rxc5 Nb4 22. a3 Na6 23. Qd4 f6 24. Rcc1 Ba8 25. Red1 Nc7 26. e4 a6 27. exd5
Bxd5 28. Bxd5+ Nxd5 29. b4 Nxf4 30. Qxd7 Qxd7 31. Rxd7 Ne2+ 32. Kf2 Nxc1 33.
Bxc1 Ra8 34. Be3 h5 35. Bc5 Kh7 36. Be7 Kg6 37. Rd5 Re8 38. Bc5 Rb8 39. Ba7 Rc8
40. Bc5 Rb8 41. Rd6 Ra8 42. a4 Kf7 43. Rd7+ Kg6 44. Ra7 Rd8 45. Ke2 Re8+ 46.
Kf2 Re6 47. Rb7 Kf5 48. Rb6 g5 49. Rxe6 Kxe6 50. b5 axb5 51. axb5 Kd7 52. Ke3
h4 53. gxh4 gxh4 54. Kf4 Ke6 55. b6 Kd7 56. Kf5 Kc6 57. Bf2 h3 58. Kxf6 Kb7 59.
Kg5 1-0

[Event "Tournoi Skype 031A"]
[Site "Skype"]
[Date "????.??.??"]
[Round "3.31"]
[White "Kruk, Clementine"]
[Black "Resende, Paulo"]
[Result "0-1"]
[WhiteElo "1324"]
[BlackElo "1881"]
[PlyCount "64"]

1. e4 c5 2. Nc3 Nc6 3. Bb5 e6 4. Bxc6 bxc6 5. f4 d5 6. e5 Ne7 7. Nf3 Ba6 8. d3
c4 9. d4 Qc7 10. O-O c5 11. a4 cxd4 12. Nxd4 Nc6 13. Ncb5 Bxb5 14. axb5 Nxd4
15. Qxd4 Bc5 16. Be3 Bxd4 17. Bxd4 O-O 18. Ra3 Rfb8 19. Rg3 Rxb5 20. f5 exf5
21. Rxf5 Rxb2 22. Bxb2 Qb6+ 23. Kh1 Qxb2 24. h3 Qxc2 25. Rgf3 Qb1+ 26. Rf1 Qb7
27. Re1 c3 28. e6 fxe6 29. Rxe6 c2 30. Rf1 a5 31. Rc1 a4 32. Rxc2 Qb1+ 0-1

[Event "Tournoi Skype 031A"]
[Site "Skype"]
[Date "????.??.??"]
[Round "3.33"]
[White "Ramirez Reina, Orlando"]
[Black "Perrone, Gabriel Lorenzo"]
[Result "1-0"]
[WhiteElo "1302"]
[BlackElo "1382"]
[PlyCount "129"]

1. e4 c6 2. c4 e6 3. a3 d5 4. cxd5 cxd5 5. exd5 Qxd5 6. Nc3 Qd8 7. d4 Nf6 8.
Nf3 Be7 9. Bc4 Bd7 10. Ne5 O-O 11. O-O a6 12. Ba2 Bc6 13. Nxc6 Nxc6 14. Be3 h6
15. Rc1 Rc8 16. Qd2 Ng4 17. Rfd1 Nxe3 18. Qxe3 Bg5 19. f4 Bf6 20. Bb1 Ne7 21.
Ne4 Nd5 22. Nxf6+ Qxf6 23. Qd3 Qg6 24. Qxg6 fxg6 25. g3 Rfd8 26. Bxg6 Ne7 27.
Be4 Rxc1 28. Rxc1 b5 29. Rd1 Nd5 30. Rd2 a5 31. Kf2 b4 32. f5 Nf6 33. Bb1 e5
34. Ba2+ Kf8 35. Ke3 exd4+ 36. Rxd4 Rxd4 37. Kxd4 Ke7 38. h3 Nh5 39. g4 Nf4 40.
h4 Kd6 41. Kc4 Nd5 42. a4 Nf6 43. Kb5 Nxg4 44. Kxa5 Ne5 45. Kxb4 Nc6+ 46. Kb5
Nd4+ 47. Kb6 Nxf5 48. a5 Ne7 49. Kb7 Nc6 50. a6 Na5+ 51. Ka8 Kc7 52. b4 Nc6 53.
b5 Na5 54. Ka7 g5 55. hxg5 hxg5 56. Bd5 g4 57. b6+ Kd6 58. Bh1 g3 59. Kb8 Nc6+
60. Ka8 Kd7 61. Bxc6+ Kxc6 62. b7 g2 63. b8=Q g1=Q 64. Qb7+ Kc5 65. Qa7+ 1-0

[Event "Tournoi Skype 031A"]
[Site "Skype"]
[Date "????.??.??"]
[Round "3.35"]
[White "Abdulrazzaq, Mohsen"]
[Black "Lopes, Marcia Maria"]
[Result "1-0"]
[WhiteElo "1346"]
[BlackElo "1297"]
[PlyCount "47"]

1. e4 e5 2. Nf3 Nc6 3. d4 exd4 4. Bc4 Nf6 5. e5 d5 6. exd6 Bxd6 7. O-O O-O 8.
c3 dxc3 9. Nxc3 Ne5 10. Nxe5 Bxe5 11. Qxd8 Rxd8 12. Bg5 Re8 13. f4 Bd4+ 14. Kh1
Ng4 15. Bh4 Bd7 16. Nd5 Rac8 17. Ne7+ Kh8 18. Nxc8 Bxc8 19. Bxf7 Rf8 20. Bb3
Bxb2 21. Rae1 Ba3 22. Be7 Bxe7 23. Rxe7 c6 24. Rfe1 1-0

[Event "Tournoi Skype 031A"]
[Site "Skype"]
[Date "????.??.??"]
[Round "3.36"]
[White "Mishra, Sourabh"]
[Black "Vaswani, Manohar"]
[Result "1-0"]
[WhiteElo "1335"]
[BlackElo "1238"]
[PlyCount "87"]

1. d4 d5 2. Nf3 Nf6 3. e3 Bg4 4. Nbd2 e6 5. c4 Bb4 6. Be2 dxc4 7. O-O c3 8.
bxc3 Bxc3 9. Rb1 Bxd2 10. Bxd2 b6 11. Bb4 Nbd7 12. Bb5 Nd5 13. Ba3 Nc3 14. Qb3
Nxb1 15. Rxb1 Bxf3 16. gxf3 Rc8 17. Bc6 Qf6 18. Qb5 Rd8 19. Rb4 h6 20. Ra4 Qg5+
21. Qxg5 hxg5 22. Rxa7 Rc8 23. Bd6 Kd8 24. Bg3 f6 25. Bb7 Rb8 26. Ba6 e5 27. f4
gxf4 28. exf4 exf4 29. Bxf4 Ke7 30. Rxc7 g5 31. Bg3 Ra8 32. Bb5 Rhd8 33. a4
Rac8 34. Rb7 f5 35. f4 gxf4 36. Bh4+ Ke6 37. Bxd8 Rxd8 38. Kf2 Nf6 39. Rxb6+
Ke7 40. a5 Nd7 41. Rb7 Kd6 42. Rxd7+ Rxd7 43. Bxd7 Kxd7 44. h4 1-0

[Event "Tournoi Skype 031A"]
[Site "Skype"]
[Date "????.??.??"]
[Round "3.37"]
[White "Hague, Mark"]
[Black "L'Herbon De Lussats, Jean"]
[Result "1-0"]
[WhiteElo "1324"]
[BlackElo "1233"]
[PlyCount "39"]

1. d4 e6 2. e3 Nf6 3. Bd3 d5 4. f4 c5 5. c3 c4 6. Bc2 a6 7. Nf3 Nbd7 8. O-O Be7
9. Ne5 Ne4 10. Nd2 Ndf6 11. Rf3 O-O 12. Rh3 Qc7 13. Nxe4 dxe4 14. Bd2 b5 15. a3
Bb7 16. g4 h6 17. g5 hxg5 18. fxg5 Nh7 19. Qh5 Bxg5 20. Qxh7# 1-0

[Event "Tournoi Skype 031A"]
[Site "Skype"]
[Date "????.??.??"]
[Round "4.1"]
[White "Vasquez, Georges"]
[Black "Lopez, Jose Luis"]
[Result "1/2-1/2"]
[WhiteElo "1796"]
[BlackElo "1651"]
[PlyCount "56"]

1. d4 d5 2. Bf4 c5 3. e3 Nc6 4. c3 Nf6 5. Nd2 cxd4 6. exd4 Bf5 7. Ngf3 h6 8. h3
e6 9. Bb5 Bd6 10. Bxd6 Qxd6 11. Ne5 O-O 12. Ndf3 Ne4 13. O-O a6 14. Bd3 b5 15.
Nxc6 Qxc6 16. Rc1 Rfc8 17. Qe2 Qb6 18. Ne5 Ra7 19. Rfe1 Rac7 20. Qe3 Nd6 21.
Bxf5 Nxf5 22. Qd2 b4 23. Nd3 bxc3 24. bxc3 Nd6 25. Nc5 Nb7 26. Nd3 Nd6 27. Nc5
Nb7 28. Nd3 Nd6 1/2-1/2

[Event "Tournoi Skype 031A"]
[Site "Skype"]
[Date "????.??.??"]
[Round "4.2"]
[White "Gungor, Gokhan"]
[Black "Rico Hernandez, Edgar"]
[Result "0-1"]
[WhiteElo "1550"]
[BlackElo "1701"]
[PlyCount "88"]

1. e4 c6 2. d4 d5 3. exd5 cxd5 4. c4 Nf6 5. Nc3 Nc6 6. Nf3 Bg4 7. Be2 e6 8. O-O
Be7 9. Re1 O-O 10. a3 dxc4 11. Bxc4 Bxf3 12. Qxf3 Qxd4 13. Ba2 Qg4 14. Qxg4
Nxg4 15. Re4 Nf6 16. Re3 Rad8 17. Rg3 Nd4 18. Bg5 Rd7 19. Re1 Rfd8 20. Kf1 Nh5
21. Rh3 Bxg5 22. Rxh5 Bd2 23. Rd1 Bxc3 24. bxc3 g6 25. Re5 Nc2 26. Rxd7 Rxd7
27. Rxe6 Rd1+ 28. Ke2 Re1+ 29. Kd2 fxe6 30. Bb3 Rg1 31. Bxe6+ Kg7 32. Kxc2 Rxg2
33. Kd3 Rxf2 34. h3 b6 35. Kc4 Kf6 36. Bc8 Ra2 37. Kb4 Ke7 38. a4 Kd6 39. Kb5
Kc7 40. Be6 Ra3 41. Kb4 Ra1 42. c4 a5+ 43. Kb3 Re1 44. Bg8 Re3+ 0-1

[Event "Tournoi Skype 031A"]
[Site "Skype"]
[Date "????.??.??"]
[Round "4.3"]
[White "Calcino, Luis"]
[Black "Gokcek, Cagri"]
[Result "1-0"]
[WhiteElo "1680"]
[BlackElo "1434"]
[PlyCount "61"]

1. e4 e5 2. Nf3 Nc6 3. Nc3 Nf6 4. d4 exd4 5. Nxd4 Bb4 6. Nxc6 bxc6 7. Bd3 Bxc3+
8. bxc3 h6 9. O-O O-O 10. c4 c5 11. e5 Nh7 12. Rb1 d6 13. exd6 Nf6 14. dxc7
Qxc7 15. Qf3 Be6 16. Bxh6 Bg4 17. Qf4 Qd7 18. Bg5 Nh5 19. Qe4 g6 20. Rb7 Qc8
21. Rfb1 Re8 22. Qd5 Be6 23. Qd6 Ng7 24. Qc7 Qxc7 25. Rxc7 Nf5 26. Rxc5 Rec8
27. Rxc8+ Rxc8 28. Bf6 Bxc4 29. Bxc4 Rxc4 30. Rb8+ Kh7 31. Rh8# 1-0

[Event "Tournoi Skype 031A"]
[Site "Skype"]
[Date "????.??.??"]
[Round "4.4"]
[White "Grosso, Raul"]
[Black "Bagayatkar, Madan"]
[Result "1-0"]
[WhiteElo "1746"]
[BlackElo "1434"]
[PlyCount "51"]

1. d4 d5 2. Bf4 Nf6 3. e3 e6 4. Bd3 Bd6 5. Nf3 Bxf4 6. exf4 Nc6 7. c3 Bd7 8.
Nbd2 a6 9. a4 Rb8 10. Ne5 b5 11. axb5 axb5 12. b4 Ne7 13. O-O O-O 14. Qe2 Nf5
15. Nb3 Nd6 16. Nc5 Be8 17. Ra7 g6 18. Rfa1 Nh5 19. g3 f6 20. Nxe6 Qe7 21. Ng4
Ne4 22. Nxf8 Kxf8 23. f3 Nxc3 24. Qxe7+ Kxe7 25. Rxc7+ Bd7 26. Rxc3 1-0

[Event "Tournoi Skype 031A"]
[Site "Skype"]
[Date "????.??.??"]
[Round "4.5"]
[White "Elias, Roberto"]
[Black "Vello, Pablo"]
[Result "1-0"]
[WhiteElo "1671"]
[BlackElo "1190"]
[PlyCount "59"]

1. b4 e6 2. Bb2 Nf6 3. a3 d5 4. Nf3 Bd6 5. e3 b6 6. Bb5+ Bd7 7. Qe2 O-O 8. O-O
Bxb5 9. Qxb5 Qd7 10. Nc3 a6 11. Qe2 Nc6 12. b5 axb5 13. Nxb5 Be7 14. Rfd1 Rfd8
15. c4 dxc4 16. Qxc4 Qd5 17. Rac1 Qxc4 18. Rxc4 Na5 19. Rxc7 Nd5 20. Rc2 Nb3
21. Ne5 Bf8 22. Nc4 Rac8 23. e4 Nf6 24. Bxf6 gxf6 25. d3 Nc5 26. Nb2 Nb3 27.
Rxc8 Rxc8 28. Nc4 e5 29. a4 Bb4 30. Rb1 1-0

[Event "Tournoi Skype 031A"]
[Site "Skype"]
[Date "????.??.??"]
[Round "4.6"]
[White "Chavero, Victor"]
[Black "Gonto, Peled"]
[Result "1-0"]
[WhiteElo "1281"]
[BlackElo "1834"]
[PlyCount "35"]

1. d4 Nf6 2. Nf3 d5 3. e3 Bg4 4. Nbd2 e6 5. Bd3 Be7 6. h3 Bh5 7. c3 Nbd7 8. Qc2
c5 9. c4 a6 10. O-O cxd4 11. exd4 dxc4 12. Qxc4 O-O 13. Qc2 Rc8 14. Qb1 Nb6 15.
Ne5 Qxd4 16. Ndf3 Bxf3 17. Nxf3 g6 18. Nxd4 1-0

[Event "Tournoi Skype 031A"]
[Site "Skype"]
[Date "????.??.??"]
[Round "4.7"]
[White "Hahnewald, Uwe"]
[Black "Alarcon Alarcon, Florentina"]
[Result "1-0"]
[WhiteElo "1806"]
[BlackElo "1397"]
[PlyCount "61"]

1. e4 e5 2. Nf3 Nc6 3. Bb5 a6 4. Ba4 Nf6 5. d3 d6 6. c3 Be7 7. O-O O-O 8. Re1
b5 9. Bc2 Bg4 10. Nbd2 Re8 11. Nf1 Bf8 12. h3 Be6 13. d4 Bd7 14. d5 Ne7 15. Ng3
g6 16. Bg5 Bg7 17. Nh4 h6 18. Bd2 Kh7 19. f4 exf4 20. Bxf4 Nexd5 21. exd5 Rxe1+
22. Qxe1 Nxd5 23. Ne2 Nxf4 24. Nxf4 Qg5 25. Qf2 Bf6 26. Nh5 Qxh5 27. Qxf6 Qc5+
28. Kh1 Kg8 29. Nxg6 fxg6 30. Qxg6+ Kf8 31. Rf1+ 1-0

[Event "Tournoi Skype 031A"]
[Site "Skype"]
[Date "????.??.??"]
[Round "4.8"]
[White "Alvarez, Juan Evangelista"]
[Black "Segura Lozano, Marcos Antonio"]
[Result "0-1"]
[WhiteElo "1474"]
[BlackElo "1804"]
[PlyCount "90"]

1. d4 Nf6 2. f4 d5 3. Nf3 Bf5 4. e3 e6 5. Bd3 Ne4 6. O-O c5 7. b3 Nc6 8. Ne5 h5
9. Nd2 Nc3 10. Qf3 Bxd3 11. cxd3 cxd4 12. Nxc6 bxc6 13. Bb2 g6 14. e4 Qd7 15.
e5 Be7 16. Rfc1 Nb5 17. a4 Nc7 18. Bxd4 Na6 19. Rc2 c5 20. Bb2 O-O 21. Nf1 Rab8
22. d4 Nb4 23. Re2 cxd4 24. Bxd4 Nc6 25. Bf2 Rb4 26. g4 hxg4 27. Qxg4 Kg7 28.
Re3 Rh8 29. Rg3 Nxe5 30. Qd1 Rxf4 31. Bd4 Bf6 32. Ra2 Nf3+ 33. Rxf3 Bxd4+ 34.
Kh1 Be5 35. Rxf4 Bxf4 36. Rg2 d4 37. Nd2 Qd5 38. Nf3 e5 39. Qd3 Rh3 40. Rf2 Be3
41. Kg2 Rh8 42. Re2 e4 43. Kf1 exd3 44. Rxe3 dxe3 45. Ne1 Qh1# 0-1

[Event "Tournoi Skype 031A"]
[Site "Skype"]
[Date "????.??.??"]
[Round "4.9"]
[White "Karia, Vijay"]
[Black "Deville, Olivier"]
[Result "0-1"]
[WhiteElo "1447"]
[BlackElo "1751"]
[PlyCount "68"]

1. e4 c5 2. Nc3 Nc6 3. f4 e6 4. Nf3 d5 5. Bb5 Nge7 6. O-O a6 7. exd5 axb5 8.
dxc6 bxc6 9. d3 Nd5 10. Ne4 Nf6 11. Be3 Nxe4 12. dxe4 Bb7 13. Qe1 Qc7 14. Qf2
c4 15. Rfd1 Rc8 16. Rd2 c5 17. e5 Bxf3 18. Qxf3 Be7 19. Qg3 O-O 20. f5 Kh8 21.
Rf1 exf5 22. Rxf5 f6 23. Bf4 Qc6 24. Rh5 fxe5 25. Bxe5 Bf6 26. Qg6 h6 27. Rd6
Qe8 28. Rxh6+ gxh6 29. Bxf6+ Rxf6 30. Qxf6+ Kg8 31. Re6 Qh5 32. Qg6+ Qxg6 33.
Rxg6+ Kh7 34. Rc6 Rxc6 0-1

[Event "Tournoi Skype 031A"]
[Site "Skype"]
[Date "????.??.??"]
[Round "4.10"]
[White "Quispe, Alberto"]
[Black "Lambert, Pierre"]
[Result "0-1"]
[WhiteElo "1414"]
[BlackElo "1660"]
[PlyCount "68"]

1. e4 c5 2. c3 d5 3. exd5 Qxd5 4. Nf3 Nf6 5. d3 Nc6 6. Be2 e5 7. c4 Qd8 8. Nc3
Bd6 9. Ne4 Nxe4 10. dxe4 O-O 11. O-O Qe7 12. Bd2 Nd4 13. Bc3 Be6 14. b3 Rad8
15. Bd3 Bg4 16. Bxd4 cxd4 17. h3 Bd7 18. Rc1 Bc6 19. Rc2 f6 20. Nh4 g6 21. Qg4
Kh8 22. Qe2 b6 23. g4 f5 24. exf5 Qxh4 25. f3 gxf5 26. Bxf5 Rxf5 27. gxf5 Rg8+
28. Qg2 Rxg2+ 29. Rxg2 Qxh3 30. f6 Bxf3 31. Rxf3 Qxf3 32. Rf2 Qxf2+ 33. Kxf2
Kg8 34. Kf3 Kf7 0-1

[Event "Tournoi Skype 031A"]
[Site "Skype"]
[Date "????.??.??"]
[Round "4.11"]
[White "Caputi, Giuliano"]
[Black "Vasquez Cienfuegos, Oscar"]
[Result "1-0"]
[WhiteElo "1638"]
[BlackElo "1389"]
[PlyCount "55"]

1. d4 d5 2. Nf3 Nf6 3. c4 e6 4. Nc3 Bb4 5. e3 c6 6. Bd3 O-O 7. O-O Be7 8. Ne5
Nbd7 9. f4 Qc7 10. Bd2 dxc4 11. Nxc4 b5 12. Ne5 Bb7 13. Rc1 a6 14. g4 g6 15. g5
Nh5 16. Ne4 Qd8 17. Be2 Ng7 18. Nxc6 Bxc6 19. Rxc6 Nb6 20. Ba5 Rb8 21. Ng3 Ne8
22. Qc2 Nd6 23. Rc1 Ndc8 24. Bf3 Na7 25. Bxb6 Rxb6 26. Rxb6 Qxb6 27. Qc7 Nc8
28. Bb7 1-0

[Event "Tournoi Skype 031A"]
[Site "Skype"]
[Date "????.??.??"]
[Round "4.12"]
[White "Garcia Andrinal, Antonio"]
[Black "Morales Terreros, Jose Luis"]
[Result "1-0"]
[WhiteElo "1632"]
[BlackElo "1231"]
[PlyCount "53"]

1. e4 e5 2. Nf3 Nc6 3. Bc4 Bc5 4. O-O Nf6 5. d4 exd4 6. e5 Ng4 7. Bf4 O-O 8. h3
d5 9. exd6 Nf6 10. dxc7 Qd7 11. c3 Qf5 12. Bh2 Be6 13. Bd3 Qd5 14. cxd4 Nxd4
15. Nxd4 Bxd4 16. Nc3 Qd7 17. Bb5 Bxf2+ 18. Rxf2 Qxd1+ 19. Rxd1 a6 20. Be2 Rfe8
21. Bf3 Ra7 22. Rfd2 Bd7 23. Nd5 Nxd5 24. Rxd5 Be6 25. Rd8 Kf8 26. Bd6+ Kg8 27.
Rxe8# 1-0

[Event "Tournoi Skype 031A"]
[Site "Skype"]
[Date "????.??.??"]
[Round "4.13"]
[White "Carballo, Jorge"]
[Black "Calderon, Francisco"]
[Result "0-1"]
[WhiteElo "1367"]
[BlackElo "1604"]
[PlyCount "74"]

1. d4 Nf6 2. Nf3 d5 3. Bf4 Nc6 4. e3 a6 5. Bd3 h6 6. Nbd2 Bg4 7. c3 g5 8. Be5
Nxe5 9. dxe5 Nd7 10. h3 Bxf3 11. Nxf3 e6 12. O-O Bg7 13. e4 Nxe5 14. Nxe5 Bxe5
15. exd5 Qxd5 16. Re1 Qd6 17. Qf3 c6 18. Rad1 Qc7 19. Qe2 Bd6 20. Kh1 Kf8 21.
Qf3 Re8 22. Bg6 Kg7 23. Bh5 Re7 24. Qd3 Bc5 25. Re2 Bb6 26. Red2 Ree8 27. Qd7
Rd8 28. Qxc7 Bxc7 29. Rd7 Rhf8 30. Bxf7 Rxd7 31. Rxd7 Rxf7 32. Rxf7+ Kxf7 33.
g4 Kf6 34. Kg2 Ke5 35. Kf3 Bb6 36. Ke2 Kf4 37. Kf1 Kf3 0-1

[Event "Tournoi Skype 031A"]
[Site "Skype"]
[Date "????.??.??"]
[Round "4.14"]
[White "Lovell, Stan"]
[Black "Khabou, Taha"]
[Result "1/2-1/2"]
[WhiteElo "1518"]
[BlackElo "1358"]
[PlyCount "62"]

1. d4 e6 2. Bf4 d5 3. a3 c5 4. e3 Bd6 5. Bg3 Nf6 6. Nc3 a6 7. dxc5 Bxc5 8. Nf3
Nc6 9. Bd3 O-O 10. Ne2 b5 11. c3 Bb7 12. O-O Bd6 13. Bxd6 Qxd6 14. h3 Rac8 15.
Rc1 Ne5 16. Nxe5 Qxe5 17. Nd4 Ne4 18. Qc2 g6 19. Nf3 Qf6 20. Nh2 h5 21. Qe2 Kg7
22. Qf3 Qg5 23. Qe2 Rfd8 24. Nf3 Qf6 25. Rfd1 Nd6 26. Nd2 e5 27. e4 dxe4 28.
Nxe4 Nxe4 29. Bxe4 Bxe4 30. Qxe4 Rxd1+ 31. Rxd1 Rc4 1/2-1/2

[Event "Tournoi Skype 031A"]
[Site "Skype"]
[Date "????.??.??"]
[Round "4.15"]
[White "Herrera, Oscar"]
[Black "Saponara, Jose Maria"]
[Result "0-1"]
[WhiteElo "1261"]
[BlackElo "1516"]
[PlyCount "33"]

1. e4 e6 2. d4 d5 3. exd5 exd5 4. Nf3 Nf6 5. Bd3 Bd6 6. h3 c6 7. Be3 Qb6 8. b3
Be6 9. Nc3 Nbd7 10. Ne5 Qa5 11. Qd2 Nxe5 12. dxe5 Bxe5 13. Ne4 Qxd2+ 14. Kxd2
Nxe4+ 15. Bxe4 dxe4 16. Rad1 O-O-O+ 17. Ke2 0-1

[Event "Tournoi Skype 031A"]
[Site "Skype"]
[Date "????.??.??"]
[Round "4.16"]
[White "Thavorath, Nirandas"]
[Black "Khetre, Gaurav"]
[Result "1-0"]
[WhiteElo "1335"]
[BlackElo "1502"]
[PlyCount "57"]

1. e4 d5 2. exd5 Qxd5 3. Nf3 Nf6 4. Nc3 Qa5 5. d4 c6 6. Bc4 Bg4 7. O-O e6 8.
Bf4 Nbd7 9. Qd3 Be7 10. Ne5 Bf5 11. Qe2 O-O 12. Bd3 Bxd3 13. Qxd3 Nb6 14. Bd2
Nbd5 15. Ne2 Qc7 16. c4 Nb6 17. Ng3 Rad8 18. Bf4 Bd6 19. Rfe1 Bxe5 20. Bxe5 Qe7
21. c5 Nc8 22. Qf3 Nd7 23. Bf4 Nf6 24. Bg5 h6 25. Nf5 Qd7 26. Nxh6+ Kh7 27.
Qd3+ g6 28. Bxf6 Kxh6 29. Qh3# 1-0

[Event "Tournoi Skype 031A"]
[Site "Skype"]
[Date "????.??.??"]
[Round "4.17"]
[White "De Fazio, Monica"]
[Black "Casey, Eamonn"]
[Result "0-1"]
[WhiteElo "1020"]
[BlackElo "1538"]
[PlyCount "96"]

1. d4 Nf6 2. Nf3 g6 3. g3 Bg7 4. Bg2 O-O 5. O-O d6 6. c4 Nbd7 7. Nc3 e5 8. d5
Re8 9. e4 Nb6 10. b3 Bd7 11. h3 a5 12. a4 c6 13. Ba3 c5 14. Nh2 Qc8 15. g4 h5
16. f3 Bh6 17. Bc1 Bxc1 18. Qxc1 Kg7 19. Qg5 Nh7 20. Qh4 Qd8 21. Qxd8 Raxd8 22.
f4 f6 23. Nb5 Bxb5 24. axb5 Ra8 25. f5 gxf5 26. Rxf5 hxg4 27. Nxg4 a4 28. Ra3
axb3 29. Rxb3 Nxc4 30. Rbf3 Nd2 31. Rf2 Ra1+ 32. Kh2 Nc4 33. Nxf6 Nxf6 34. Rxf6
b6 35. Rf7+ Kg8 36. R7f3 Rea8 37. Rg3+ Kh8 38. Bf1 R1a2 39. Be2 Nd2 40. Rfg2
Nxe4 41. Re3 Nf6 42. Rg6 Nxd5 43. Rxd6 Nxe3 44. Kg3 Rxe2 45. Rh6+ Kg7 46. Rxb6
Nf5+ 47. Kg4 Nh6+ 48. Kh5 Rh8 0-1

[Event "Tournoi Skype 031A"]
[Site "Skype"]
[Date "????.??.??"]
[Round "4.18"]
[White "Ram, Madhukesh"]
[Black "Hadla, Mohammad Ali"]
[Result "1-0"]
[WhiteElo "1299"]
[BlackElo "1470"]
[PlyCount "63"]

1. e4 e5 2. Nf3 Nf6 3. Nxe5 Nc6 4. Nxc6 dxc6 5. d4 Nxe4 6. Qe2 Qe7 7. Nd2 Bf5
8. c3 O-O-O 9. g3 c5 10. Nf3 Bg4 11. Bg2 cxd4 12. cxd4 Rxd4 13. Be3 Qb4+ 14.
Kf1 Rd7 15. Qc2 Bf5 16. Qe2 Nxg3+ 17. hxg3 Bd3 18. Rd1 Bxe2+ 19. Kxe2 Qxb2+ 20.
Nd2 Qb5+ 21. Ke1 Bb4 22. Rh4 Bxd2+ 23. Rxd2 Rxd2 24. Kxd2 Rd8+ 25. Rd4 Qb2+ 26.
Kd3 Rxd4+ 27. Bxd4 Qa3+ 28. Ke4 Qa4 29. Kd3 Qxa2 30. Bxg7 Qd5+ 31. Bxd5 Kd7 32.
Bxb7 1-0

[Event "Tournoi Skype 031A"]
[Site "Skype"]
[Date "????.??.??"]
[Round "4.19"]
[White "Yeter, Orhan"]
[Black "Engstrom, Olle"]
[Result "1/2-1/2"]
[WhiteElo "1297"]
[BlackElo "1430"]
[PlyCount "27"]

1. e4 e5 2. Nf3 Nc6 3. Bb5 a6 4. Ba4 Nf6 5. O-O Be7 6. Re1 b5 7. Bb3 O-O 8. c3
d6 9. h3 Bb7 10. d4 Na5 11. Bc2 c5 12. d5 Nc4 13. a4 Nb6 14. a5 1/2-1/2

[Event "Tournoi Skype 031A"]
[Site "Skype"]
[Date "????.??.??"]
[Round "4.20"]
[White "Graham, Neil"]
[Black "Munoz Gonzalez, Martin"]
[Result "1/2-1/2"]
[WhiteElo "1285"]
[BlackElo "1365"]
[PlyCount "73"]

1. d4 Nf6 2. c4 e6 3. Nc3 d5 4. Nf3 Bb4 5. Bd2 Bxc3 6. bxc3 c6 7. Bg5 Nbd7 8.
e3 Qc7 9. Bd3 Ne4 10. Bf4 Qa5 11. Bxe4 Qxc3+ 12. Nd2 dxe4 13. O-O f5 14. f3
exf3 15. Rxf3 Qa5 16. Rg3 g6 17. Nf3 Nf6 18. Be5 Qd8 19. Qb3 Rg8 20. c5 Ng4 21.
Bd6 Qf6 22. Re1 Nh6 23. e4 f4 24. Rh3 g5 25. Rh5 g4 26. Be5 Qg6 27. Rg5 Qf7 28.
Rxg8+ Qxg8 29. Nd2 f3 30. g3 Qf7 31. Rf1 Ng8 32. Nc4 Qd7 33. Qe3 Qe7 34. Qf4 h5
35. Bd6 Qf6 36. Qe5 Qxe5 37. Bxe5 1/2-1/2

[Event "Tournoi Skype 031A"]
[Site "Skype"]
[Date "????.??.??"]
[Round "4.21"]
[White "Resende, Paulo"]
[Black "Marino, Giuseppe"]
[Result "1/2-1/2"]
[WhiteElo "1881"]
[BlackElo "1335"]
[PlyCount "65"]

1. e4 e5 2. Nf3 d6 3. d4 exd4 4. Nxd4 Nf6 5. Nc3 c6 6. Be2 Be7 7. O-O O-O 8.
Bf4 Nbd7 9. Re1 Ne5 10. Nf3 Nxf3+ 11. Bxf3 Be6 12. Qd2 a6 13. Rad1 h6 14. Bxd6
Bxd6 15. Qxd6 Qxd6 16. Rxd6 Bg4 17. Bxg4 Nxg4 18. Red1 Ne5 19. b3 Rfe8 20. f3
Rab8 21. Na4 f6 22. Nc5 Kf7 23. Nd7 Nxd7 24. Rxd7+ Re7 25. Kf2 Ke8 26. Rxe7+
Kxe7 27. Ke3 g5 28. f4 gxf4+ 29. Kxf4 Ke6 30. Rd2 b6 31. h3 Rg8 32. Re2 Rg5 33.
c4 1/2-1/2

[Event "Tournoi Skype 031A"]
[Site "Skype"]
[Date "????.??.??"]
[Round "4.23"]
[White "Le Brun, Yves"]
[Black "Sanchez Ruiz, Justo"]
[Result "0-1"]
[WhiteElo "1321"]
[BlackElo "1519"]
[PlyCount "22"]

1. d4 e6 2. e4 d5 3. Nd2 dxe4 4. Nxe4 Nd7 5. Bc4 Ngf6 6. Nf3 Nxe4 7. Bxe6 fxe6
8. Qe2 Ndf6 9. Ng5 Nxg5 10. Bxg5 Qxd4 11. c3 Qe4 0-1